| 000 | 00478nam a22001817a 4500 | ||
|---|---|---|---|
| 003 | MPLRDC | ||
| 005 | 20220104124333.0 | ||
| 008 | 210129b ||||| |||| 00| 0 eng d | ||
| 020 | _a7-5619-0005-8 | ||
| 082 | _a800.9 ZSK | ||
| 100 | _a赵世开主编 | ||
| 245 |
_a国外语言学概述: 流派和代表人物 _c |
||
| 250 | _a一版一刷 | ||
| 260 |
_a _b北京语言学院出版社 _c1990 |
||
| 300 | _b平 | ||
| 650 | _a各国之语言文学 | ||
| 942 |
_cBK _o800.9 ZSK |
||
| 999 |
_c18529 _d18519 |
||